Statistics for Territories and Lesser Known Islands of the Lesser Antilles

Click here to take the quiz!

General Stats

  • This quiz has been taken 10 times
  • The average score is 11 of 14

Answer Stats

Parent NationTerritory% Correct
NetherlandsAruba
100%
FranceGuadeloupe
100%
FranceMartinique
100%
United KingdomMontserrat
100%
United KingdomAnguilla
89%
United StatesPuerto Rico
89%
NetherlandsBonaire
78%
NetherlandsCuracao
78%
NetherlandsSaba
78%
FranceSaint Barthelemy
78%
France/NetherlandsSaint Martin/Sint Maarten
78%
NetherlandsSint Eustatius
78%
United KingdomBritish Virgin Islands
56%
United StatesUnited States Virgin Islands
22%

Score Distribution

Percentile by Number Answered

Percent of People with Each Score

Your Score History

You have not taken this quiz